| 000 | 01573nam a22003977a 4500 | ||
|---|---|---|---|
| 003 | CHAP | ||
| 005 | 20220329143834.0 | ||
| 008 | 111129d2011 mx r 00010 spa d | ||
| 010 | _a102596 | ||
| 011 | _a103568 | ||
| 035 | _a114257 | ||
| 040 | _cCHAP | ||
| 090 | _aTesis | ||
| 100 | 1 |
_aElizalde Tellez, Adriana _936299 |
|
| 245 | 1 | 0 |
_aIndetificación del ácaro que causa el descame de las patas de gallinas en Atlixco, Puebla _h[En línea] _c/por Adriana Elizalde Telles |
| 260 |
_aChapingo, Méx. : _bEl autor, _c2011 |
||
| 500 | _aPara ver el contenido del material haga clic en la liga | ||
| 502 | _aTesis (Ing. Agr. esp. en Parasitología Agrícola) -- UACH. Departamento de Parasitología Agrícola | ||
| 590 |
_aALEPH _b10 _c20130110 _lUCH01 _h1543 |
||
| 590 |
_aBATCH-UPD _b10 _c20130110 _lUCH01 _h1125 |
||
| 590 |
_aBATCH-UPD _b10 _c20130410 _lUCH01 _h0715 |
||
| 590 |
_aBATCH-UPD _b10 _c20130914 _lUCH01 _h0452 |
||
| 590 |
_aBATCH-UPD _b10 _c20140324 _lUCH01 _h1529 |
||
| 590 |
_aBATCH-UPD _b10 _c20141002 _lUCH01 _h0852 |
||
| 590 |
_aCONVERSION _b10 _c20130109 _lUCH01 _h1356 |
||
| 650 | 1 | 4 |
_aÁcaros _xIdentificación. _982380 |
| 650 | 1 | 4 |
_aAves de corral _xEnfermedades. _98646 |
| 650 | 1 | 4 |
_aAves de corral _xParásitos. _98673 |
| 650 | 1 | 4 |
_aGallinas. _944441 |
| 650 | 1 | 4 |
_aSarna. _9102655 |
| 856 |
_3Finding aid _uhttp://10.13.5.2/tesis/114257.pdf _zTeclea aqui |
||
| 901 | _aBK | ||
| 942 | _cFOLL | ||
| 949 |
_aTesis _bBC _cTES _d33724002313819 _eTS1 _gDonaciØn _h53076 _i114257 _st |
||
| 949 |
_aTesis _bBC _cTES _d33724002313850 _eTS2 _fc.2 _gDonaciØn _h53077 _i114257 _st |
||
| 999 |
_c102596 _d102596 |
||